header

The Klutz Book of Brilliantly Ridiculous Inventions (Record no. 263370)

MARC details
000 -LEADER
fixed length control field 00423nam a22001577a 4500
003 - CONTROL NUMBER IDENTIFIER
control field OSt
005 - DATE AND TIME OF LATEST TRANSACTION
control field 20240314102921.0
008 - FIXED-LENGTH DATA ELEMENTS--GENERAL INFORMATION
fixed length control field 240314b xxu||||| |||| 00| 0 eng d
020 ## - INTERNATIONAL STANDARD BOOK NUMBER
International Standard Book Number 9780545290494
040 ## - CATALOGING SOURCE
Transcribing agency RU
100 ## - MAIN ENTRY--PERSONAL NAME
Personal name Cassidy,John
245 ## - TITLE STATEMENT
Title The Klutz Book of Brilliantly Ridiculous Inventions
Statement of responsibility, etc Cassidy,John & Brendan Boyle
260 ## - PUBLICATION, DISTRIBUTION, ETC. (IMPRINT)
Place of publication, distribution, etc USA
Name of publisher, distributor, etc Scholastic Inc
300 ## - PHYSICAL DESCRIPTION
Extent 24p.
Other physical details ill. ;col
942 ## - ADDED ENTRY ELEMENTS (KOHA)
Source of classification or shelving scheme Library of Congress Classification
Koha item type Long Loan Books
Holdings
Withdrawn status Lost status Source of classification or shelving scheme Damaged status Not for loan Collection code Home library Current library Shelving location Date acquired Total Checkouts Barcode Date last seen Price effective from Koha item type
    Library of Congress Classification     Non-fiction Rongo University Library Rongo University Library Children's Area 14/03/2024   CL20233339 14/03/2024 14/03/2024 Long Loan Books

© 2026 Rongo University
Contact us: librarian | system librarian | Rongo university